000 03317nam0a2200469 4500
001 RU\NLR\BIBL_A\012396753
005 20201118165256.0
010 _a978-5-6040740-0-8
_9500
021 _aRU
_bАЛ-П-20-00682и
_9АЛ-П-20-0129
035 _a(NLR Aleph) 012396753
035 _a(RuMoRGB)010434576
090 _a11703046
_c11703046
100 _a20201103d2020 k y0rusy50 ca
101 0 _arus
102 _aRU
105 _aach|b|||010zd
181 0 _ai
_baxxe
182 0 _an
200 1 _aИлья Остроухов
_eхудожник, коллекционер, музейщик
_e[альбом-каталог выставки, 16 сентября - 6 декабря 2020 г.
_eк 100-летию ГМИРЛИ имени В.И. Даля]
_fМинистерство культуры Российской Федерации, Государственный музей истории российской литературы имени В.И. Даля
_g[автор-составитель, автор научной концепции: О.Л. Залиева
_gавторы статей и публикаций: О.Д. Атрощенко и др.
_gвступительное слово: Д.П. Бак, З.И. Трегулова]
203 _aТекст
_bвизуальный
_cнепосредственный
210 _aМосква
_cГМИРЛИ имени В.И. Даля
_d2020
215 _a459 с.
_cил., цв. ил., портр., факс.
_d30
320 _aБиблиогр. в подстроч. примеч.
320 _aАннот. имен. указ. / А.А. Голубева: с. 435-457
600 1 _aОстроухов
_bИ. С.
_gИлья Семенович
_f1858 - 1929
_xВыставки
_yМосква, город
_z2020
_jАльбомы
_2nlr_sh2
_3RU\NLR\AUTH\6601678334
601 0 2 _aГосударственный музей истории российской литературы им. В.И. Даля
_cМосква, город
_xВыставки
_z2020
_jАльбомы
_2nlr_sh2
_3RU\NLR\AUTH\6601678333
606 1 _aХудожественная коллекция Остроухова И. С.
_jАльбомы
_2nlr_sh2
_3RU\NLR\AUTH\6601678335
686 1 _aЩ143(2Р=Рус)53-8Остроухов л62
686 1 _aЩ153(2Р=Рус)53-8Остроухов л62
686 1 _aЩ101.3(2Р)-2Москва2Государственный Литературный музей л62
686 1 _aЩ101.3(2Р)-4Остроухов л62
702 1 _aЗалиева
_bО. Л.
_gОльга Львовна
_4220
702 1 _aОстроухов
_bИ. С.
_f1858-1929
_gИлья Семенович
_4570
711 1 2 _a"Илья Остроухов: художник, коллекционер, музейщик", выставка
_f2020
_eМосква
_3RU\NLR\AUTH\880530320
712 0 2 _aГосударственный музей истории российской литературы им. В. И. Даля
_cМосква
_3RU\NLR\AUTH\880462279
_4475
942 _cBOOK
980 _aNBR
980 _aNB